[Event "Barcelona Sant Marti op-A 19th"]
[Site "Barcelona"]
[Date "2017.07.13"]
[Round "1"]
[White "Frih, Ameur"]
[Black "Kyrkjebo, Hannah Bakken"]
[Result "0-1"]
[WhiteElo "2233"]
[BlackElo "1923"]
[PlyCount "56"]
[EventDate "2017.07.13"]
[EventType "swiss"]
[EventRounds "9"]
[EventCountry "ESP"]
[SourceTitle "EXT 2018"]
[Source "ChessBase"]
[SourceDate "2017.10.13"]
[SourceVersion "1"]
[SourceVersionDate "2017.10.13"]
[SourceQuality "1"]

1. e4 e5 2. Nf3 Nc6 3. Bb5 a6 4. Ba4 Nf6 5. 0-0 b5 6. Bb3 Bc5 7. c3 d6 8. d4 Bb6 9. a4 Bg4 10. axb5 axb5 11. Rxa8 Qxa8 12. Na3 exd4 13. Nxb5 Bxf3 14. gxf3 dxc3 15. Nxd6+ cxd6 16. Qxd6 Bd8 17. e5 Be7 18. Qc7 Nd4 19. exf6 Nxf3+ 20. Kh1 gxf6 21. Ba4+ Qxa4 22. Qc8+ Bd8 23. b3 Qe4 24. Qxc3 0-0 25. Bh6 Re8 26. b4 Kh8 27. b5 Rg8 28. b6 Qg4 0-1

[Event "Bois Colombes op"]
[Site "Bois Colombes"]
[Date "2014.06.11"]
[Round "?"]
[White "Savina, Anastasia"]
[Black "Frih, Ameur"]
[Result "1-0"]
[WhiteElo "2397"]
[BlackElo "2154"]
[PlyCount "65"]
[EventDate "2013.06.11"]
[EventType "swiss"]
[EventRounds "6"]
[EventCountry "FRA"]
[SourceTitle "EXT 2015"]
[Source "ChessBase"]
[SourceDate "2014.11.20"]
[SourceVersion "1"]
[SourceVersionDate "2014.11.20"]
[SourceQuality "1"]

1. d4 Nf6 2. c4 e6 3. Nc3 Bb4 4. Qc2 0-0 5. Nf3 d5 6. cxd5 exd5 7. Bg5 h6 8. Bh4 c5 9. e3 Nc6 10. a3 Bxc3+ 11. bxc3 g5 12. Bg3 Ne4 13. Nd2 Bf5 14. Nxe4 cxd4 15. f3 dxe3 16. Bd3 dxe4 17. fxe4 Bg6 18. 0-0 Qe7 19. Rae1 Ne5 20. Rxe3 Qc5 21. Bf2 Ng4 22. Rh3 Nxf2 23. Rxf2 Kg7 24. Qb2 Rfd8 25. Rhf3 g4 26. Rg3 h5 27. Be2 Bxe4 28. h3 Qe5 29. Re3 f5 30. hxg4 hxg4 31. Qxb7+ Kf6 32. Qxe4 Qxe4 33. Rxe4 1-0

[Event "Budapest Spring op 27th"]
[Site "Budapest"]
[Date "2011.03.24"]
[Round "8"]
[White "Carlstedt, Jonathan"]
[Black "Frih, Ameur"]
[Result "1-0"]
[WhiteElo "2386"]
[BlackElo "2095"]
[PlyCount "99"]
[EventDate "2011.03.18"]
[EventType "swiss"]
[EventRounds "9"]
[EventCountry "HUN"]
[SourceTitle "CBM 141 Extra"]
[Source "ChessBase"]
[SourceDate "2011.05.03"]
[SourceVersion "1"]
[SourceVersionDate "2011.05.03"]
[SourceQuality "1"]

1. c4 e5 2. g3 d6 3. Bg2 f5 4. Nc3 Nf6 5. d3 Be7 6. e3 0-0 7. Nge2 a5 8. 0-0 Qe8 9. f4 c6 10. e4 fxe4 11. dxe4 Qh5 12. f5 Qf7 13. h3 Na6 14. b3 Nc5 15. Be3 Nfd7 16. Qd2 a4 17. Qc2 axb3 18. axb3 Rxa1 19. Rxa1 Na6 20. Rd1 Nb4 21. Qd2 Nc5 22. Nc1 Bd7 23. Bxc5 dxc5 24. Qxd7 Bg5 25. Qxf7+ Rxf7 26. Nd3 Be3+ 27. Kh2 Re7 28. Nxb4 cxb4 29. Rd3 Bc5 30. Na4 Bd4 31. c5 Rd7 32. Bf1 Kf8 33. Kg2 Ke7 34. Kf3 Rd8 35. g4 Kf6 36. h4 h6 37. Ke2 Ra8 38. Rd2 Ke7 39. Rc2 Kf6 40. Rc4 Ke7 41. Rxb4 Ra7 42. Rc4 Ra5 43. Kf3 Kf6 44. Rc2 g6 45. g5+ hxg5 46. hxg5+ Kxg5 47. Rg2+ Kh6 48. Rxg6+ Kh7 49. Re6 Kg8 50. Bc4 1-0

[Event "Budapest Spring op 27th"]
[Site "Budapest"]
[Date "2011.03.20"]
[Round "4"]
[White "Lengyel, Bela"]
[Black "Frih, Ameur"]
[Result "1-0"]
[WhiteElo "2296"]
[BlackElo "2095"]
[PlyCount "125"]
[EventDate "2011.03.18"]
[EventType "swiss"]
[EventRounds "9"]
[EventCountry "HUN"]
[SourceTitle "CBM 141 Extra"]
[Source "ChessBase"]
[SourceDate "2011.05.03"]
[SourceVersion "1"]
[SourceVersionDate "2011.05.03"]
[SourceQuality "1"]

1. e4 e5 2. Nf3 Nc6 3. Bb5 a6 4. Ba4 Nf6 5. 0-0 Be7 6. Qe2 b5 7. Bb3 0-0 8. c3 d5 9. d3 Bb7 10. exd5 Nxd5 11. Nxe5 Nxe5 12. Qxe5 Nf6 13. Qe2 Re8 14. Be3 Bd6 15. Nd2 c5 16. Rfe1 Qc7 17. h3 Qc6 18. Qf1 Rad8 19. Bd1 Bb8 20. Bf3 Nd5 21. Bg5 Qc7 22. g3 f6 23. Rxe8+ Rxe8 24. Re1 Qd7 25. Rxe8+ Qxe8 26. c4 fxg5 27. cxd5 Qe5 28. Qg2 Qe1+ 29. Nf1 Bd6 30. b3 Qb1 31. Be4 Qxa2 32. Qf3 Qa1 33. Qf5 Qf6 34. Qxh7+ Kf7 35. Ne3 Bc8 36. Kg2 Qh6 37. Qxh6 gxh6 38. Bf3 a5 39. Bd1 Kf6 40. Ng4+ Bxg4 41. hxg4 Ke5 42. Kf3 Kd4 43. Ke2 Kc3 44. Ke3 b4 45. f4 Kb2 46. d4 Kc1 47. dxc5 Bxc5+ 48. Ke2 Bd6 49. f5 Be5 50. Ke1 Bxg3+ 51. Ke2 Be5 52. Ke1 Kb2 53. Kd2 Bf4+ 54. Kd3 Kc1 55. Bf3 Be5 56. Ke4 Bf6 57. d6 a4 58. bxa4 b3 59. Kd5 h5 60. Ke6 hxg4 61. Be4 Bc3 62. d7 Ba5 63. f6 1-0

[Event "FRA-chT Top 16 Gp Basse"]
[Site "Le Port Marly"]
[Date "2009.05.31"]
[Round "11"]
[White "Dobrev, Nanko"]
[Black "Frih, Ameur"]
[Result "1-0"]
[WhiteElo "2366"]
[BlackElo "2088"]
[PlyCount "47"]
[EventDate "2009.05.28"]
[EventType "team-tourn"]
[EventRounds "11"]
[EventCountry "FRA"]
[SourceTitle "CBM 130 Extra"]
[Source "ChessBase"]
[SourceDate "2009.07.02"]
[SourceVersion "2"]
[SourceVersionDate "2009.07.15"]
[SourceQuality "1"]

1. d4 Nf6 2. Nf3 e6 3. c4 b6 4. a3 Bb7 5. Nc3 d5 6. cxd5 Nxd5 7. e4 Nxc3 8. bxc3 Bxe4 9. Ne5 a6 10. Qg4 Bb7 11. Bc4 Bd5 12. Bg5 Qd6 13. Bxd5 Qxd5 14. c4 Qb7 15. 0-0 Bd6 16. Rfe1 Bxe5 17. Rxe5 0-0 18. d5 Nd7 19. Re3 f5 20. Qh4 e5 21. Rh3 h6 22. Bxh6 gxh6 23. Qxh6 Kf7 24. Qe6+ 1-0

[Event "FRA-ch op-A"]
[Site "Pau"]
[Date "2008.08.15"]
[Round "4"]
[White "Frih, Ameur"]
[Black "Guezennec, Franck"]
[Result "1/2-1/2"]
[WhiteElo "2103"]
[BlackElo "2190"]
[PlyCount "88"]
[EventDate "2008.08.11"]
[EventType "swiss"]
[EventRounds "9"]
[EventCountry "FRA"]
[SourceTitle "CBM 126 Extra"]
[Source "ChessBase"]
[SourceDate "2008.11.05"]
[SourceVersion "1"]
[SourceVersionDate "2008.11.05"]
[SourceQuality "1"]

1. d4 Nf6 2. c4 e6 3. Nc3 Bb4 4. e3 c5 5. Bd3 b6 6. Nge2 Bb7 7. 0-0 0-0 8. a3 Bxc3 9. Nxc3 d5 10. cxd5 cxd4 11. exd4 Nxd5 12. Re1 Nd7 13. Qh5 N7f6 14. Qh3 Qd6 15. Re5 g6 16. Bg5 Rfe8 17. Rae1 Nd7 18. Nxd5 Bxd5 19. R5e2 a6 20. Qh4 b5 21. Bf4 Qf8 22. Rc1 Rac8 23. Rec2 Nb6 24. Be5 Nd7 25. Bc7 Bc4 26. Qg3 Bxd3 27. Qxd3 Qh6 28. Bf4 Qf8 29. Rc6 Rxc6 30. Rxc6 Rc8 31. Qc3 Nb6 32. Bd6 Qe8 33. Rc5 Rxc5 34. dxc5 Nd5 35. Qd2 Qd8 36. g3 Nf6 37. Qg5 h6 38. Qxh6 Ne4 39. Be5 Nf6 40. Bd6 Ne4 41. Qf4 Nxc5 42. Bxc5 Qd1+ 43. Kg2 Qd5+ 44. Qf3 Qxc5 1/2-1/2

[Event "FRA-chT2 West 0708"]
[Site "France"]
[Date "2007.11.24"]
[Round "2.8"]
[White "Brient, Yoann"]
[Black "Frih, Ameur"]
[Result "1-0"]
[WhiteElo "1859"]
[BlackElo "2115"]
[PlyCount "61"]
[EventDate "2007.10.21"]
[EventType "team"]
[EventRounds "11"]
[EventCountry "FRA"]
[SourceTitle "EXT 2009"]
[Source "ChessBase"]
[SourceDate "2008.11.26"]
[SourceVersion "1"]
[SourceVersionDate "2008.11.26"]
[SourceQuality "1"]
[WhiteTeam "Quimper"]
[BlackTeam "Bois Colombes II"]
[WhiteTeamCountry "FRA"]
[BlackTeamCountry "FRA"]

1. d4 Nf6 2. c4 e6 3. Nf3 Bb4+ 4. Bd2 Qe7 5. e3 Bxd2+ 6. Nbxd2 a5 7. e4 d6 8. e5 Nfd7 9. exd6 cxd6 10. Bd3 0-0 11. 0-0 Rd8 12. Rc1 Nf8 13. Re1 a4 14. Ne4 Ng6 15. Re3 Nf4 16. Bb1 d5 17. Neg5 h6 18. Qc2 g6 19. Nxf7 Qxf7 20. Ne5 Qg7 21. Nxg6 e5 22. Rg3 Bf5 23. Ne7+ Kh8 24. Nxf5 Qf8 25. dxe5 Nc6 26. Qd2 Nd4 27. Nxd4 dxc4 28. Qc3 Nd3 29. Rxd3 cxd3 30. Qxd3 Qe7 31. Qe3 1-0

[Event "FRA-chT2 North 0607"]
[Site "France"]
[Date "2007.01.20"]
[Round "5.3"]
[White "Charmeteau, Sven"]
[Black "Frih, Ameur"]
[Result "1-0"]
[WhiteElo "2161"]
[BlackElo "2144"]
[PlyCount "87"]
[EventDate "2006.10.15"]
[EventType "team"]
[EventRounds "11"]
[EventCountry "FRA"]
[SourceTitle "EXT 2008"]
[Source "ChessBase"]
[SourceDate "2007.11.25"]
[SourceVersion "1"]
[SourceVersionDate "2007.11.25"]
[SourceQuality "1"]
[WhiteTeam "Gonfreville II"]
[BlackTeam "Bois Colombes II"]
[WhiteTeamCountry "FRA"]
[BlackTeamCountry "FRA"]

1. e4 c5 2. Nc3 Nc6 3. f4 g6 4. Nf3 Bg7 5. Bb5 Nd4 6. 0-0 Nxb5 7. Nxb5 d5 8. exd5 a6 9. Nc3 Nf6 10. d4 Nxd5 11. dxc5 Nxc3 12. Qxd8+ Kxd8 13. bxc3 Bxc3 14. Rb1 Kc7 15. Rb3 Bg7 16. Ng5 h6 17. Nxf7 Rf8 18. Ne5 Bxe5 19. fxe5 Be6 20. Rb6 Rxf1+ 21. Kxf1 Bf5 22. Bxh6 Bxc2 23. e6 Be4 24. Bf4+ Kd8 25. Rb4 Bf5 26. Rxb7 Bxe6 27. Bg5 Bd7 28. Rb4 Rc8 29. Re4 Bb5+ 30. Kf2 Rc7 31. g4 Ke8 32. Re5 Bc4 33. a4 Kf7 34. h4 Be6 35. Kf3 Rb7 36. h5 gxh5 37. gxh5 Rb4 38. h6 Bg4+ 39. Kg3 e6 40. Bd2 Rxa4 41. h7 Kg7 42. Rg5+ Kxh7 43. Rxg4 Ra2 44. Bc3 1-0

[Event "FRA-chT2 North 0607"]
[Site "France"]
[Date "2006.11.25"]
[Round "2.6"]
[White "Viatte, Robert"]
[Black "Frih, Ameur"]
[Result "1/2-1/2"]
[WhiteElo "2150"]
[BlackElo "2176"]
[PlyCount "56"]
[EventDate "2006.10.15"]
[EventType "team"]
[EventRounds "11"]
[EventCountry "FRA"]
[SourceTitle "EXT 2008"]
[Source "ChessBase"]
[SourceDate "2007.11.25"]
[SourceVersion "1"]
[SourceVersionDate "2007.11.25"]
[SourceQuality "1"]
[WhiteTeam "Chalons en Champagne"]
[BlackTeam "Bois Colombes II"]
[WhiteTeamCountry "FRA"]
[BlackTeamCountry "FRA"]

1. d4 Nf6 2. Nf3 g6 3. Nc3 d5 4. Bf4 Bg7 5. h3 c5 6. e3 0-0 7. Be2 Qb6 8. Rb1 Rd8 9. 0-0 Bd7 10. Ne5 Be8 11. a3 e6 12. Bf3 Nfd7 13. Na4 Qa5 14. Nxd7 Nxd7 15. Nxc5 Nxc5 16. b4 Qxa3 17. bxc5 e5 18. Bg5 Rd7 19. Qd2 exd4 20. exd4 Qa4 21. Rb4 Qa5 22. c3 b6 23. cxb6 axb6 24. Qb2 Rc7 25. Bf4 Rcc8 26. Rd1 Ra6 27. Be2 Raa8 28. Bf3 Ra6 1/2-1/2

[Event "FRA-chT2A 0506"]
[Site "France"]
[Date "2006.04.01"]
[Round "10.4"]
[White "Frih, Ameur"]
[Black "Primel, Dominique"]
[Result "1-0"]
[WhiteElo "2174"]
[BlackElo "2099"]
[PlyCount "69"]
[EventDate "2005.10.27"]
[EventType "team-tourn"]
[EventRounds "11"]
[EventCountry "FRA"]
[SourceTitle "EXT 2006"]
[Source "ChessBase"]
[SourceDate "2005.11.24"]
[SourceVersion "1"]
[SourceVersionDate "2005.11.24"]
[SourceQuality "1"]
[WhiteTeam "Bois Colombes II"]
[BlackTeam "Sautron"]
[WhiteTeamCountry "FRA"]
[BlackTeamCountry "FRA"]

1. e4 c5 2. Nc3 e6 3. f4 Nc6 4. Nf3 d6 5. Bb5 Bd7 6. d3 a6 7. Bxc6 Bxc6 8. 0-0 Nf6 9. a4 Be7 10. a5 0-0 11. Qe1 Qc7 12. Qg3 Kh8 13. Bd2 b5 14. axb6 Qxb6 15. Ng5 Kg8 16. Kh1 Rab8 17. Nd1 Qb7 18. Bc3 d5 19. exd5 Bxd5 20. Ne3 Bc6 21. Nc4 Bd5 22. Ra4 Ra8 23. Qh3 h6 24. Nf3 Qc6 25. b3 Qb7 26. Nfe5 Rfb8 27. Qg3 Nh5 28. Qh3 Nf6 29. Ne3 Qc8 30. Qg3 Nh5 31. Qh3 Nf6 32. f5 Bd8 33. Rh4 Kf8 34. N5g4 Ng8 35. f6 1-0

[Event "Rochefort op 5th"]
[Site "Rochefort"]
[Date "2006.02.15"]
[Round "7"]
[White "Nanu, Ciprian Costica"]
[Black "Frih, Ameur"]
[Result "1/2-1/2"]
[WhiteElo "2436"]
[BlackElo "2148"]
[PlyCount "131"]
[EventDate "2006.02.15"]
[EventType "swiss"]
[EventRounds "9"]
[EventCountry "FRA"]
[SourceTitle "EXT 2007"]
[Source "ChessBase"]
[SourceDate "2006.11.23"]
[SourceVersion "1"]
[SourceVersionDate "2006.11.23"]
[SourceQuality "1"]

1. e4 d6 2. d4 Nf6 3. Nc3 e5 4. Nf3 exd4 5. Nxd4 Be7 6. g3 0-0 7. Bg2 Na6 8. 0-0 Re8 9. h3 Nc5 10. Re1 Bf8 11. Bf4 g6 12. Qd2 Ne6 13. Nxe6 Bxe6 14. e5 dxe5 15. Qxd8 Rexd8 16. Bxe5 Ne8 17. Bxb7 Rab8 18. Bc6 Bd6 19. b3 Bxh3 20. Nd5 Bxe5 21. Rxe5 Be6 22. c4 Kf8 23. Rae1 Bd7 24. Ne7 a6 25. Rc5 Ng7 26. Bxd7 Rxd7 27. Nd5 Ne6 28. Ra5 Rd6 29. Kg2 Kg7 30. Re5 c5 31. Nf4 Kf6 32. Re3 Nxf4+ 33. gxf4 Rc8 34. Re5 Rdc6 35. Kf3 R8c7 36. Re8 Rd6 37. Re5 Rdc6 38. Kg4 Rc8 39. Rd5 R8c7 40. f5 h6 41. fxg6 fxg6 42. Rd8 Re7 43. f4 Re3 44. Ra8 h5+ 45. Kh4 Rf3 46. R8xa6 Rxf4+ 47. Kg3 Rg4+ 48. Kf3 Rxa6 49. Rxa6+ Ke5 50. Rc6 Kd4 51. Rd6+ Kc3 52. Rc6 Kb4 53. Rb6+ Ka3 54. Ra6+ Kb2 55. Ra5 Rg5 56. b4 Rf5+ 57. Kg3 cxb4 58. Rxf5 gxf5 59. c5 Kxa2 60. c6 b3 61. c7 b2 62. c8Q b1Q 63. Qa6+ Kb2 64. Qb5+ Kc1 65. Qf1+ Kb2 66. Qb5+ 1/2-1/2

[Event "FRA-chT2A 0506"]
[Site "France"]
[Date "2006.01.15"]
[Round "6.1"]
[White "Frih, Ameur"]
[Black "Navrotescu, Catalin"]
[Result "1-0"]
[WhiteElo "2174"]
[BlackElo "2395"]
[PlyCount "51"]
[EventDate "2005.10.27"]
[EventType "team-tourn"]
[EventRounds "11"]
[EventCountry "FRA"]
[SourceTitle "EXT 2006"]
[Source "ChessBase"]
[SourceDate "2005.11.24"]
[SourceVersion "1"]
[SourceVersionDate "2005.11.24"]
[SourceQuality "1"]
[WhiteTeam "Bois Colombes II"]
[BlackTeam "Saint Lo"]
[WhiteTeamCountry "FRA"]
[BlackTeamCountry "FRA"]

1. d4 Nf6 2. Nf3 g6 3. c4 c5 4. d5 Bg7 5. Nc3 d6 6. e4 0-0 7. h3 b5 8. cxb5 a6 9. a4 Qa5 10. Nd2 Nbd7 11. Ra3 Nb6 12. Be2 c4 13. 0-0 Bd7 14. Nxc4 Nxc4 15. Bxc4 axb5 16. Bxb5 Bxb5 17. axb5 Qc7 18. Rxa8 Rxa8 19. Be3 Nd7 20. Qe2 Qa5 21. Rc1 Qb4 22. f3 Nc5 23. Nd1 Ra5 24. Bd2 Bd4+ 25. Kf1 Qxb5 26. b4 1-0

[Event "Paris-ch op-B"]
[Site "Paris"]
[Date "2005.07.13"]
[Round "5"]
[White "Frih, Ameur"]
[Black "Martsynovskaya, Marina"]
[Result "0-1"]
[WhiteElo "2142"]
[BlackElo "2252"]
[PlyCount "154"]
[EventDate "2005.07.09"]
[EventType "swiss"]
[EventRounds "9"]
[EventCountry "FRA"]
[SourceTitle "EXT 2006"]
[Source "ChessBase"]
[SourceDate "2005.11.24"]
[SourceVersion "1"]
[SourceVersionDate "2005.11.24"]
[SourceQuality "1"]

1. d4 d5 2. c4 dxc4 3. e4 c5 4. d5 Nf6 5. Nc3 e6 6. Bxc4 Be7 7. Bf4 exd5 8. exd5 Bd6 9. Qe2+ Kf8 10. Bxd6+ Qxd6 11. Nf3 a6 12. a4 Bg4 13. Qe5 Qxe5+ 14. Nxe5 Nbd7 15. Nxd7+ Bxd7 16. 0-0 Ke7 17. Ra3 b6 18. f3 Kd6 19. Re1 Rhe8 20. Rxe8 Bxe8 21. Rb3 Kc7 22. Kf2 Bxa4 23. Nxa4 b5 24. Bxb5 axb5 25. Nxc5 Nxd5 26. Ne4 Kc6 27. Rd3 b4 28. Rd2 f6 29. Rc2+ Kb6 30. Nd2 Ra2 31. Nb3 Nc3 32. Nd2 Kb5 33. Kg3 Na4 34. Rc7 Rxb2 35. Nc4 Rb1 36. Nd6+ Kb6 37. Rxg7 b3 38. Nc4+ Kc5 39. Nd2 Rb2 40. Nxb3+ Rxb3 41. Rxh7 Kd6 42. h4 Nc5 43. Rg7 Ke6 44. Kh2 Nd7 45. Kh3 Ne5 46. Kh2 Kf5 47. Rg8 Kf4 48. Rf8 Rb6 49. Ra8 Ke3 50. Ra3+ Nd3 51. Ra8 f5 52. Re8+ Kf2 53. Ra8 Rg6 54. Ra2+ Kf1 55. g3 Ne1 56. f4 Nf3+ 57. Kh3 Ng1+ 58. Kh2 Ne2 59. Ra1+ Kf2 60. Ra2 Rc6 61. Rb2 Rc3 62. Ra2 Kf3 63. h5 Nxg3 64. h6 Ne4 65. h7 Rc8 66. Ra7 Rh8 67. Kh3 Nf6 68. Ra3+ Kxf4 69. Ra4+ Kg5 70. Kg3 Rxh7 71. Kg2 Rb7 72. Ra2 Kg4 73. Ra4+ f4 74. Ra2 f3+ 75. Kh1 Ne4 76. Kg1 f2+ 77. Kg2 Rb1 0-1

[Event "FRA-chT N1"]
[Site "France"]
[Date "2005.05.06"]
[Round "9.9"]
[White "Hisleur, Gaelle"]
[Black "Frih, Ameur"]
[Result "1/2-1/2"]
[WhiteElo "1946"]
[BlackElo "2142"]
[PlyCount "122"]
[EventDate "2005.05.05"]
[EventType "team"]
[EventRounds "11"]
[EventCountry "FRA"]
[SourceTitle "EXT 2006"]
[Source "ChessBase"]
[SourceDate "2005.11.24"]
[SourceVersion "1"]
[SourceVersionDate "2005.11.24"]
[SourceQuality "1"]

1. e4 c5 2. Nc3 d6 3. g3 Nc6 4. Bg2 g6 5. d3 Bg7 6. Be3 Nf6 7. h3 0-0 8. Nf3 Ne8 9. Qd2 Nd4 10. Rb1 Qa5 11. a3 Nc7 12. Bxd4 cxd4 13. Ne2 Qxd2+ 14. Nxd2 e5 15. 0-0 b5 16. f4 Bh6 17. Nf3 f6 18. Rbc1 Ne6 19. Nh2 Bd7 20. Ng4 Bg7 21. c3 h5 22. Nf2 dxc3 23. Rxc3 b4 24. axb4 Rfb8 25. f5 Nf8 26. fxg6 Rxb4 27. Rc2 Rab8 28. Rb1 Ne6 29. Bf3 Ba4 30. Rc4 Rxc4 31. dxc4 Bc2 32. Ra1 Rxb2 33. Rxa7 Bh6 34. Ra3 Ng5 35. Bxh5 Nxe4 36. Ng4 Bf8 37. Ra8 Rb1+ 38. Kh2 Ng5 39. h4 Be4 40. Nxf6+ Kg7 41. Nxe4 Nxe4 42. Ra7+ Kg8 43. Bf3 Nf6 44. Rb7 Rxb7 45. Bxb7 Kg7 46. Nc3 Kxg6 47. Kg2 Nd7 48. Kf3 Nc5 49. Ne4 Nxb7 50. g4 Na5 51. Nd2 Nc6 52. Ke4 Nd4 53. Kd5 Nc2 54. Ke4 Be7 55. Nf3 Nb4 56. Ke3 Nc6 57. Ke4 Nd4 58. Nxd4 exd4 59. Kxd4 Bxh4 60. c5 Bf2+ 61. Kd5 dxc5 1/2-1/2

[Event "FRA-chT2 0304"]
[Site "France"]
[Date "2004.03.13"]
[Round "8"]
[White "Inkiov, Ventzislav"]
[Black "Frih, Ameur"]
[Result "1-0"]
[WhiteElo "2461"]
[BlackElo "2166"]
[PlyCount "63"]
[EventDate "2003.10.??"]
[EventType "team"]
[EventRounds "11"]
[EventCountry "FRA"]
[SourceTitle "EXT 2005"]
[Source "ChessBase"]
[SourceDate "2004.11.15"]
[SourceVersion "1"]
[SourceVersionDate "2004.11.15"]
[SourceQuality "1"]

1. d4 Nf6 2. c4 c5 3. d5 b5 4. Nf3 g6 5. Qc2 bxc4 6. e4 d6 7. Nc3 Bg7 8. Bxc4 0-0 9. 0-0 Ba6 10. Nd2 Ng4 11. b3 f5 12. exf5 Rxf5 13. Bb2 Qf8 14. Nce4 Bb7 15. Bxg7 Qxg7 16. h3 Nf6 17. Nxf6+ Qxf6 18. Ne4 Qh4 19. Rae1 Nd7 20. Nd2 Bxd5 21. Qxf5 gxf5 22. Bxd5+ Kg7 23. Bxa8 Nb6 24. Bc6 e5 25. Rd1 d5 26. Nf3 Qf6 27. Bxd5 e4 28. Nh2 Qe5 29. Bc4 f4 30. Rfe1 Nxc4 31. bxc4 h5 32. Nf3 1-0

[Event "FRA-chT2 0304"]
[Site "France"]
[Date "2004.02.01"]
[Round "7"]
[White "Frih, Ameur"]
[Black "Loiret, Stanislas"]
[Result "0-1"]
[WhiteElo "2166"]
[BlackElo "2265"]
[PlyCount "96"]
[EventDate "2003.10.??"]
[EventType "team"]
[EventRounds "11"]
[EventCountry "FRA"]
[SourceTitle "EXT 2005"]
[Source "ChessBase"]
[SourceDate "2004.11.15"]
[SourceVersion "1"]
[SourceVersionDate "2004.11.15"]
[SourceQuality "1"]
[WhiteTeam "Bois Colombes II"]
[BlackTeam "Avoine"]
[WhiteTeamCountry "FRA"]
[BlackTeamCountry "FRA"]

1. e4 c5 2. Nf3 e6 3. d4 cxd4 4. Nxd4 Nf6 5. Nc3 d6 6. f4 Nc6 7. Nf3 Qb6 8. Bd3 d5 9. exd5 exd5 10. Qe2+ Be7 11. Bd2 Bg4 12. Na4 Qc7 13. Be3 Qa5+ 14. Nc3 d4 15. b4 Qxb4 16. Rb1 Qxc3+ 17. Bd2 Qc5 18. Rxb7 0-0 19. h3 Bxf3 20. Qxf3 Rab8 21. Rxb8 Rxb8 22. 0-0 Qd5 23. Qxd5 Nxd5 24. Be4 Ncb4 25. Rb1 Nf6 26. Bf3 Bd6 27. Rb2 Nbd5 28. Rxb8+ Bxb8 29. g3 h5 30. h4 Bd6 31. a4 Ne3 32. Bxe3 dxe3 33. Kf1 Bc5 34. Ke2 Kf8 35. Kd3 Ke7 36. Be2 Kd6 37. c4 g6 38. Bf3 Kc7 39. Ke2 Kb6 40. Kd3 Ka5 41. Bc6 Kb4 42. Bb5 a5 43. Bc6 Kb3 44. Bb5 Kb2 45. Bc6 Kc1 46. Bf3 Ng4 47. Ke4 Kd2 48. Kd5 Nh2 0-1

[Event "Bois Colombes schev"]
[Site "Bois Colombes"]
[Date "2003.12.29"]
[Round "6"]
[White "Coursaget, Nicolas"]
[Black "Frih, Ameur"]
[Result "1-0"]
[WhiteElo "2300"]
[BlackElo "2166"]
[PlyCount "91"]
[EventDate "2003.12.22"]
[EventType "schev"]
[EventRounds "7"]
[EventCountry "FRA"]
[SourceTitle "EXT 2005"]
[Source "ChessBase"]
[SourceDate "2004.11.15"]
[SourceVersion "1"]
[SourceVersionDate "2004.11.15"]
[SourceQuality "1"]

1. d4 Nf6 2. c4 e6 3. Nc3 Bb4 4. Qc2 c5 5. dxc5 0-0 6. Bg5 Qa5 7. Bxf6 gxf6 8. h4 Bxc3+ 9. bxc3 Qxc5 10. e3 Nc6 11. Rd1 Ne5 12. Rd4 Kh8 13. Nf3 Rg8 14. Nd2 f5 15. g3 Nc6 16. Rf4 d5 17. cxd5 e5 18. Rf3 Nb4 19. Qb3 Nxd5 20. e4 Nf6 21. Qxf7 Rf8 22. Qc4 Qa3 23. Qb3 Qc1+ 24. Qd1 Qxd1+ 25. Kxd1 fxe4 26. Rxf6 Rxf6 27. Nxe4 Bg4+ 28. Be2 Rd8+ 29. Kc1 Bf3 30. Bxf3 Rxf3 31. Kc2 Kg7 32. Rb1 Rd7 33. Rb5 Re7 34. Kd2 Rff7 35. Ke3 Rf8 36. Rd5 Rc8 37. h5 Rc6 38. g4 Ra6 39. Rd2 Kh6 40. Rd8 Rxa2 41. Rg8 Rc7 42. Kd3 Rf7 43. Ke3 Ra3 44. f3 a5 45. Ng3 Rxc3+ 46. Kd2 1-0

[Event "FRA-chT2 0304"]
[Site "France"]
[Date "2003.11.16"]
[Round "3"]
[White "Frih, Ameur"]
[Black "Gervasio, Ricardo"]
[Result "0-1"]
[WhiteElo "2166"]
[BlackElo "2292"]
[PlyCount "138"]
[EventDate "2003.10.??"]
[EventType "team"]
[EventRounds "11"]
[EventCountry "FRA"]
[SourceTitle "EXT 2005"]
[Source "ChessBase"]
[SourceDate "2004.11.15"]
[SourceVersion "1"]
[SourceVersionDate "2004.11.15"]
[SourceQuality "1"]
[WhiteTeam "Bois Colombes II"]
[BlackTeam "Guingamp"]
[WhiteTeamCountry "FRA"]
[BlackTeamCountry "FRA"]

1. Nf3 d5 2. g3 Nc6 3. Bg2 e5 4. 0-0 e4 5. Ne1 Nf6 6. d3 Bf5 7. c4 dxc4 8. Qa4 cxd3 9. exd3 Qd4 10. Qb5 Qc5 11. Qxc5 Bxc5 12. dxe4 Bxe4 13. Bxe4 Nxe4 14. Nd3 Bb6 15. Re1 0-0-0 16. Rxe4 Rxd3 17. Nc3 Rf3 18. Nd5 Bxf2+ 19. Kg2 Rf5 20. Ne7+ Nxe7 21. Rxe7 Bc5 22. Re2 Rd8 23. Bd2 Bd4 24. Be1 Re5 25. Rc2 Rde8 26. Kf1 h5 27. Rd1 Bb6 28. Bc3 Rf5+ 29. Kg2 g6 30. a4 a5 31. Rf1 Rxf1 32. Kxf1 Re4 33. b3 h4 34. Bd2 h3 35. Bf4 f6 36. Rc3 Kd7 37. Rf3 Ke6 38. Rc3 c6 39. Bd2 Re5 40. g4 Re4 41. Rg3 Bd8 42. Kf2 Bc7 43. Rxh3 Rxg4 44. Rh7 Rd4 45. Bc3 Rd7 46. Rh6 Rd3 47. Be1 Rxb3 48. Rxg6 Bxh2 49. Bxa5 Ra3 50. Rg4 b5 51. axb5 Rxa5 52. bxc6 Rc5 53. Ra4 Rxc6 54. Kf3 Be5 55. Kg4 Rd6 56. Ra8 Rd4+ 57. Kf3 Kf5 58. Ra3 Rh4 59. Ra8 Rh3+ 60. Kg2 Rd3 61. Ra4 Rd4 62. Ra2 Rb4 63. Ra3 Ke4 64. Rh3 Rb2+ 65. Kh1 f5 66. Ra3 f4 67. Ra4+ Kf3 68. Ra3+ Kg4 69. Ra5 Kg3 0-1